00775cam a22001931 4500082002800000100003100028245006700059260003400126300005500160505011700215526003700332650001300369650002600382650002300408650002300431942001200454999001900466952009600485 a671.36bJOHcL-17, P-361 aJohnson, Frederick,94495510aMetal working and heat-treatment manual ...cby F. Johnson ... aLondon,bP. Elek ltd.c[1945- a v.billus., tables (part fold.) diagrs.c22 cm.0 av. 1. Carbon steels.--v. 2. Alloy steels, cast iron, and non-ferrous metals.--v. 3. Surface hardening processes. a0b0c0d671_360000000000000_JOH 0aMCE9379 0aMetallography.944882 0aMetallurgy.925466 0aMetal-work.934700 2ddccBK c548597d548597 00102ddc4070aMCEbMCEd2014-09-03l0o671.36 JOHpMCE-40958r2014-09-03w2014-09-03yBK